YTTD Character Quiz - Statistics

General Stats
  • This quiz has been taken 377 times
  • The average score is 22 of 26
Answer Stats
Answer % Correct
Sara Chidouin
98%
Jou Tazuna
97%
Sou Hiyori
97%
Gin Ibushi
96%
Keiji Shinogi
96%
Nao Egokoro
96%
Shin Tsukmi
96%
Kanna Kizuchi
95%
Reko Yabusame
95%
Q-taro Burgerberg
94%
Alice Yabusame
93%
Kai Satou
91%
Rio Ranger
91%
Kazumi Mishima
89%
Ranmaru Kageyama
89%
Sue Miley
87%
Tia Safalin
87%
Mai Tsurugi
84%
Anzu Kinashi
81%
Gashu
78%
Hinako Mishuku
78%
Naomichi Kurumada
71%
Shunsuke Hayasaka
71%
Meister
67%
Kugie Kizuchi
52%
Megumi Sasahara
48%
No matching quizzes found
Score Distribution
Percent of People with Each Score
Percentile by Number Answered
Your Score History
You have not taken this quiz